| 000 | 00684cam a2200205 4500 | ||
|---|---|---|---|
| 001 | ABS61244 | ||
| 008 | 000000n1999 000 0 eng u | ||
| 035 | _a(Sirsi) u101858 | ||
| 100 | _aGerrard, R. | ||
| 245 | _aLawyers get their debriefing. | ||
| 260 | _c1999 | ||
| 490 |
_aEstates Gazette _v(9936) 11 September 1999, 56-57(2) |
||
| 520 | _aReviews the rankings of law firms in 1999's Legal 500. Gives short league tables for the areas of: general commercial property, property finance, property litigation, development, and planning. | ||
| 650 | _aRANKINGS | ||
| 650 | _aLAWYERS | ||
| 650 | _aSOLICITORS | ||
| 650 | _aPROPERTY LITIGATION | ||
| 690 | _aLAW | ||
| 942 | _n0 | ||
| 999 |
_c60963 _d60963 |
||